Gandhi : (Record no. 15528)
[ view plain ]
| 000 -LEADER | |
|---|---|
| fixed length control field | 01256cam a2200349 a 4500 |
| 001 - CONTROL NUMBER | |
| control field | 16710984 |
| 005 - DATE AND TIME OF LATEST TRANSACTION | |
| control field | 20170105102920.0 |
| 008 - FIXED-LENGTH DATA ELEMENTS--GENERAL INFORMATION | |
| fixed length control field | 101227s2011 ii g b 101 0 eng d |
| 010 ## - LIBRARY OF CONGRESS CONTROL NUMBER | |
| LC control number | 2011321389 |
| 020 ## - INTERNATIONAL STANDARD BOOK NUMBER | |
| International Standard Book Number | 9788182744981 |
| 025 ## - OVERSEAS ACQUISITION NUMBER | |
| Overseas acquisition number | I-E-2011-321389; 61-90 |
| 035 ## - SYSTEM CONTROL NUMBER | |
| System control number | (OCoLC)ocn695846646 |
| 035 ## - SYSTEM CONTROL NUMBER | |
| System control number | (OCoLC)695846646 |
| 037 ## - SOURCE OF ACQUISITION | |
| Stock number | Library of Congress -- New Delhi Overseas Office |
| 040 ## - CATALOGING SOURCE | |
| Original cataloging agency | DKAGE |
| Language of cataloging | eng |
| Transcribing agency | DKAGE |
| Modifying agency | DLC |
| 042 ## - AUTHENTICATION CODE | |
| Authentication code | lccopycat |
| -- | lcode |
| 043 ## - GEOGRAPHIC AREA CODE | |
| Geographic area code | a-ii--- |
| 050 00 - LIBRARY OF CONGRESS CALL NUMBER | |
| Classification number | DS481.G3 |
| Item number | G21675 2008 |
| 082 04 - DEWEY DECIMAL CLASSIFICATION NUMBER | |
| Classification number | 954.035092 |
| Edition number | 22 |
| 245 00 - TITLE STATEMENT | |
| Title | Gandhi : |
| Remainder of title | practical idealism and strategies of inclusion / |
| Statement of responsibility, etc. | edited by M.P. Dube. |
| 260 ## - PUBLICATION, DISTRIBUTION, ETC. | |
| Place of publication, distribution, etc. | New Delhi : |
| Name of publisher, distributor, etc. | Pentagon Press, |
| Date of publication, distribution, etc. | 2011. |
| 300 ## - PHYSICAL DESCRIPTION | |
| Extent | xvi, 360 p. ; |
| Dimensions | 25 cm. |
| 504 ## - BIBLIOGRAPHY, ETC. NOTE | |
| Bibliography, etc. note | Includes bibliographical references (p. [351]-354) and index. |
| 520 ## - SUMMARY, ETC. | |
| Summary, etc. | Papers presented at a national seminar held at Allahabad in September 2008. |
| 600 10 - SUBJECT ADDED ENTRY--PERSONAL NAME | |
| Personal name | Gandhi, |
| Titles and other words associated with a name | Mahatma, |
| Dates associated with a name | 1869-1948 |
| General subdivision | Political and social views |
| Form subdivision | Congresses. |
| 650 #0 - SUBJECT ADDED ENTRY--TOPICAL TERM | |
| Topical term or geographic name entry element | Ahimsa |
| Form subdivision | Congresses. |
| 650 #0 - SUBJECT ADDED ENTRY--TOPICAL TERM | |
| Topical term or geographic name entry element | Nonviolence |
| Form subdivision | Congresses. |
| 700 1# - ADDED ENTRY--PERSONAL NAME | |
| Personal name | Dube, M. P. |
| 906 ## - LOCAL DATA ELEMENT F, LDF (RLIN) | |
| a | 7 |
| b | cbc |
| c | copycat |
| d | 3 |
| e | ncip |
| f | 20 |
| g | y-gencatlg |
| 942 ## - ADDED ENTRY ELEMENTS (KOHA) | |
| Source of classification or shelving scheme | |
| Koha item type | Book |
| Withdrawn status | Lost status | Damaged status | Not for loan | Collection code | Permanent Location | Current Location | Shelving location | Date acquired | Total Checkouts | Full call number | Barcode | Date last seen | Price effective from | Koha item type |
|---|---|---|---|---|---|---|---|---|---|---|---|---|---|---|
| Centre for International Peace & Stability (CIPS) | Centre for International Peace & Stability (CIPS) | General Stacks | 10/02/2013 | 954.035092 GAN 2011 | CIPS0001254 | 12/03/2013 | 12/03/2013 | Book |
